Lost and restored / (Record no. 6862)
[ view plain ]
| 000 -LEADER | |
|---|---|
| fixed length control field | 00882cam a22002771a 4500 |
| 001 - CONTROL NUMBER | |
| control field | 9594351 |
| 003 - CONTROL NUMBER IDENTIFIER | |
| control field | OSt |
| 005 - DATE AND TIME OF LATEST TRANSACTION | |
| control field | 20190121121523.0 |
| 008 - FIXED-LENGTH DATA ELEMENTS--GENERAL INFORMATION | |
| fixed length control field | 890207s1899 mauc 000 0 eng |
| 010 ## - LIBRARY OF CONGRESS CONTROL NUMBER | |
| LC control number | 99002660 |
| 035 ## - SYSTEM CONTROL NUMBER | |
| System control number | (OCoLC)19111902 |
| 040 ## - CATALOGING SOURCE | |
| Original cataloging agency | DLC |
| Transcribing agency | MiMarqN |
| Modifying agency | MiMarqN |
| -- | DLC |
| 042 ## - AUTHENTICATION CODE | |
| Authentication code | premarc |
| 050 00 - LIBRARY OF CONGRESS CALL NUMBER | |
| Classification number | BX7233.H265 |
| Item number | C7 |
| 082 ## - DEWEY DECIMAL CLASSIFICATION NUMBER | |
| Classification number | 252 |
| Item number | M478L |
| 100 1# - MAIN ENTRY--PERSONAL NAME | |
| Personal name | McPherson, Aimee Semple |
| 245 14 - TITLE STATEMENT | |
| Title | Lost and restored / |
| Statement of responsibility, etc. | by Aimee Semple McPherson. |
| 260 ## - PUBLICATION, DISTRIBUTION, ETC. | |
| Place of publication, distribution, etc. | Boston : |
| Name of publisher, distributor, etc. | Pilgrim Press, |
| Date of publication, distribution, etc. | 1899. |
| 300 ## - PHYSICAL DESCRIPTION | |
| Extent | 330 p., [1] leaf of plates : |
| Other physical details | port. ; |
| Dimensions | 19 cm. |
| 530 ## - ADDITIONAL PHYSICAL FORM AVAILABLE NOTE | |
| Additional physical form available note | Also available in digital form on the Internet Archive Web site. |
| 650 #0 - SUBJECT ADDED ENTRY--TOPICAL TERM | |
| Topical term or geographic name entry element | Congregational churches |
| General subdivision | Sermons. |
| 650 #0 - SUBJECT ADDED ENTRY--TOPICAL TERM | |
| Topical term or geographic name entry element | Sermons, American. |
| 856 41 - ELECTRONIC LOCATION AND ACCESS | |
| Uniform Resource Identifier | <a href="http://hdl.loc.gov/loc.gdc/scd0001.00175248638">http://hdl.loc.gov/loc.gdc/scd0001.00175248638</a> |
| 906 ## - LOCAL DATA ELEMENT F, LDF (RLIN) | |
| a | 7 |
| b | cbc |
| c | oclcrpl |
| d | u |
| e | ncip |
| f | 18 |
| g | y-gencatlg |
| 942 ## - ADDED ENTRY ELEMENTS (KOHA) | |
| Source of classification or shelving scheme | Dewey Decimal Classification |
| Koha item type | Books |
| Withdrawn status | Lost status | Source of classification or shelving scheme | Damaged status | Not for loan | Collection code | Home library | Current library | Shelving location | Date acquired | Cost, normal purchase price | Total Checkouts | Full call number | Barcode | Date last seen | Price effective from | Koha item type |
|---|---|---|---|---|---|---|---|---|---|---|---|---|---|---|---|---|
| Dewey Decimal Classification | Non-fiction | Harvest Mission College | Harvest Mission College | General Stacks | 21.01.2019 | 950.00 | 252 M478L | 007728 | 21.01.2019 | 21.01.2019 | Books |
